Trouvez les prénoms Harry potter par H #7 - Statistiques

Statistiques générales
  • Ce quiz a été pris 232 fois
  • Le résultat moyen est 4 sur 8
Statistiques - réponses
Hint Nom de famille Prénom % Correct
3 Chouette Hedwige
98%
1 P Harry
94%
2 G Hermione
82%
5 A Hannah
36%
4 S Horace
35%
6 P Helga
29%
8 W Hugo
27%
7 S Helena
26%
Aucun quiz correspondant
Distribution des résultats
% des personnes avec chaque résultat
Percentile par nombre de réponses
Votre historique - résultats
Vous n’avez pas pris ce quiz